[Event "Frankfurt Ch 2008"]
[Site "Ffm-Kalbach, LAZ"]
[Date "2008.06.09"]
[Round "6.1"]
[White "Schramm, Christian"]
[Black "Schlamp, Robert"]
[Result "1-0"]
[WhiteElo "2331"]
[BlackElo "2333"]
[PlyCount "63"]
[EventDate "2008.??.??"]

1. Nf3 d5 2. d3 g6 3. Nbd2 Bg7 4. c3 Nf6 5. e4 dxe4 6. dxe4 O-O 7. Qc2 b6 8. a4
Ba6 9. Bxa6 Nxa6 10. b4 Nh5 11. Nb3 c5 12. bxc5 bxc5 13. O-O Rb8 14. Be3 Qc7
15. Rab1 Rfd8 16. Qe2 c4 17. Nbd4 Rxb1 18. Rxb1 e5 19. Nb5 Qc6 20. Rd1 Rxd1+
21. Qxd1 Qxe4 22. Qd8+ Bf8 23. h3 Qf5 24. Qe8 e4 25. Ng5 Ng7 26. Qa8 Ne6 27.
Nd6 Nec7 28. Qd8 Qe5 29. Ngxf7 Qxc3 30. Nh6+ Kg7 31. Ndf5+ gxf5 32. Qg5+ 1-0

[Event "Frankfurt Ch 2008"]
[Site "Ffm-Kalbach, LAZ"]
[Date "2008.06.09"]
[Round "6.2"]
[White "Uwira, Oliver"]
[Black "Reschke, Thomas"]
[Result "1-0"]
[WhiteElo "2305"]
[BlackElo "2226"]
[PlyCount "71"]
[EventDate "2008.??.??"]

1. e4 g6 2. d4 Bg7 3. Nc3 c6 4. f4 d5 5. e5 f6 6. Nf3 fxe5 7. dxe5 Bg4 8. h3
Bxf3 9. Qxf3 e6 10. g4 Qh4+ 11. Qf2 Qxf2+ 12. Kxf2 Ne7 13. h4 Nd7 14. Bd3 O-O-O
15. h5 gxh5 16. Rxh5 h6 17. Ne2 c5 18. c3 Rdf8 19. Kg3 Nc6 20. Ng1 c4 21. Be2
Nc5 22. Be3 Ne4+ 23. Kg2 Rd8 24. Nf3 b5 25. Nd4 Nxd4 26. cxd4 Kd7 27. Rah1 b4
28. Bf3 c3 29. Bxe4 dxe4 30. bxc3 bxc3 31. Rc1 Rb8 32. Rxc3 Rb2+ 33. Kg3 Rxa2
34. f5 exf5 35. gxf5 Rc8 36. e6+ 1-0

[Event "Frankfurt Ch 2008"]
[Site "Ffm-Kalbach, LAZ"]
[Date "2008.06.09"]
[Round "6.3"]
[White "Klundt, Klaus"]
[Black "Kayser, Felix"]
[Result "1-0"]
[WhiteElo "2378"]
[BlackElo "2206"]
[PlyCount "89"]
[EventDate "2008.??.??"]

1. e4 c5 2. Nf3 g6 3. d4 cxd4 4. Nxd4 Nc6 5. Nc3 Bg7 6. Be3 Nf6 7. Bc4 O-O 8.
Bb3 a5 9. f3 d5 10. exd5 Nb4 11. Nde2 a4 12. Nxa4 Nfxd5 13. Bf2 Bf5 14. O-O b5
15. Nac3 Nxc3 16. bxc3 Qxd1 17. Rfxd1 Nxc2 18. Rac1 Na3 19. g4 Be6 20. Bc5 Bc4
21. Nd4 Bh6 22. Nc6 Bxc1 23. Nxe7+ Kg7 24. Rxc1 Rfe8 25. g5 h6 26. h4 hxg5 27.
hxg5 f5 28. Kf2 Kf7 29. Rh1 Nc2 30. Rh7+ Ke6 31. Nxg6 Kd5 32. Be7 Bxb3 33. axb3
Ra2 34. Kg3 Ne1 35. Nf4+ Kc6 36. Rh6+ Kd7 37. Bc5 b4 38. cxb4 Rb2 39. Rd6+ Kc8
40. Re6 Rxe6 41. Nxe6 Rxb3 42. Nd4 Rb2 43. Kf4 Kd7 44. Kxf5 Rf2 45. Ke4 1-0

[Event "Frankfurt Ch 2008"]
[Site "Ffm-Kalbach, LAZ"]
[Date "2008.06.09"]
[Round "6.4"]
[White "Voropaev, Gleb"]
[Black "Schlapp, Thomas"]
[Result "1-0"]
[WhiteElo "2287"]
[BlackElo "2257"]
[PlyCount "65"]
[EventDate "2008.??.??"]

1. Nf3 c6 2. c4 d6 3. d4 Bg4 4. e4 g6 5. Be3 Bg7 6. Nc3 Nd7 7. Be2 a6 8. h3
Bxf3 9. Bxf3 Qc7 10. Be2 e6 11. O-O Ne7 12. Rc1 c5 13. d5 exd5 14. cxd5 b5 15.
b3 O-O 16. a4 b4 17. Nb1 f5 18. Bg5 Nb6 19. Bxe7 Qxe7 20. a5 Nd7 21. exf5 gxf5
22. Qc2 Bd4 23. Rce1 Qf7 24. Kh1 Kh8 25. f4 Rg8 26. Bf3 Rae8 27. Qc4 Nb8 28.
Re6 Rd8 29. Qe2 Rg3 30. Nd2 Rdg8 31. Nc4 Qf8 32. Nxd6 Nd7 33. Qc2 1-0

[Event "Frankfurt Ch 2008"]
[Site "Ffm-Kalbach, LAZ"]
[Date "2008.06.09"]
[Round "6.5"]
[White "Solonar, Stefan"]
[Black "Schwenkreis, Thomas"]
[Result "1-0"]
[WhiteElo "2363"]
[BlackElo "2052"]
[PlyCount "71"]
[EventDate "2008.??.??"]

1. c4 e5 2. Nc3 Nf6 3. Nf3 Nc6 4. e3 Bb4 5. Qc2 O-O 6. a3 Bxc3 7. Qxc3 Re8 8.
d3 d5 9. cxd5 Nxd5 10. Qc2 Bg4 11. Be2 f5 12. h3 Bh5 13. O-O e4 14. Ne1 Bxe2
15. Qxe2 Qh4 16. dxe4 fxe4 17. Qc4 Qh5 18. Bd2 Kh8 19. Bc3 Rad8 20. Nc2 Nb6 21.
Qb3 Rd6 22. Nb4 Rg6 23. Kh2 Nd8 24. Rad1 c6 25. Rd2 a5 26. Nd3 Nd5 27. Nf4 Nxf4
28. exf4 Ne6 29. Be5 Nc5 30. Qe3 Ne6 31. Qxe4 h6 32. f5 Nc5 33. Qf4 Rg5 34. g4
Qh4 35. Qe3 Rxg4 36. Bxg7+ 1-0

[Event "Frankfurt Ch 2008"]
[Site "Ffm-Kalbach, LAZ"]
[Date "2008.06.09"]
[Round "6.6"]
[White "Isserman, Ryhor"]
[Black "Diekmann, HanJo"]
[Result "1-0"]
[WhiteElo "2273"]
[BlackElo "2199"]
[PlyCount "63"]
[EventDate "2008.??.??"]

1. e4 c5 2. Nf3 e6 3. Nc3 a6 4. g3 Nc6 5. Bg2 g6 6. d4 cxd4 7. Nxd4 Bg7 8. Be3
Qc7 9. O-O Nf6 10. f4 d6 11. Nxc6 bxc6 12. Na4 Rb8 13. c4 O-O 14. Rc1 Rd8 15.
c5 d5 16. e5 Nd7 17. Bd4 a5 18. Qd2 Bf8 19. Rfe1 Re8 20. Bf1 Qa7 21. a3 Be7 22.
g4 Bd8 23. f5 exf5 24. gxf5 Nf8 25. f6 Qd7 26. Rc3 Qg4+ 27. Rg3 Qh4 28. Bf2 Qh5
29. Be2 Qxe5 30. Bd3 Qxf6 31. Rxe8 Be7 32. Qh6 1-0

[Event "Frankfurt Ch 2008"]
[Site "Ffm-Kalbach, LAZ"]
[Date "2008.06.09"]
[Round "6.7"]
[White "Stelzer, Harald"]
[Black "Behnick, Eckhard"]
[Result "1-0"]
[WhiteElo "2228"]
[BlackElo "2156"]
[PlyCount "51"]
[EventDate "2008.??.??"]

1. e4 e5 2. Nf3 Nc6 3. Bb5 a6 4. Ba4 Nf6 5. O-O b5 6. Bb3 Be7 7. Nc3 O-O 8. d3
d6 9. h3 Na5 10. Bg5 Nxb3 11. axb3 Ne8 12. Bxe7 Qxe7 13. Nxb5 f5 14. Nc3 f4 15.
d4 exd4 16. Qxd4 Be6 17. Rfe1 c6 18. Qb6 Rc8 19. Rxa6 Qf6 20. Qd4 Qg6 21. Qd3
Qh5 22. Nd4 Bd7 23. b4 Rf6 24. Ra5 Qh4 25. e5 Rg6 26. e6 1-0

[Event "Frankfurt Ch 2008"]
[Site "Ffm-Kalbach, LAZ"]
[Date "2008.06.09"]
[Round "6.8"]
[White "Zuyev, Igor"]
[Black "Marzahn, Heiko"]
[Result "0-1"]
[WhiteElo "2265"]
[BlackElo "1938"]
[PlyCount "112"]
[EventDate "2008.??.??"]

1. e4 c5 2. Nf3 Nc6 3. Bb5 g6 4. O-O Bg7 5. c3 Nf6 6. Re1 O-O 7. d4 Qb6 8. e5
Qxb5 9. exf6 Bxf6 10. Na3 Qa5 11. d5 Nd8 12. Bh6 Re8 13. Nd2 Bg7 14. Bxg7 Kxg7
15. Ne4 Rf8 16. Nc4 Qa6 17. d6 e6 18. b3 b6 19. Qf3 f5 20. Nxc5 bxc5 21. Qe3
Qc6 22. Qe5+ Kg8 23. Na5 Qb5 24. b4 Nc6 25. Nxc6 Qxc6 26. Qxc5 Qxc5 27. bxc5
Bb7 28. Rab1 Rab8 29. Rb4 a5 30. Rb6 Bd5 31. Reb1 Ra8 32. c4 Bc6 33. f4 a4 34.
Kf2 Ra5 35. R1b5 Raa8 36. Rb1 Rfc8 37. g3 Ra5 38. Rb8 Rxb8 39. Rxb8+ Kf7 40.
Ke3 Ra7 41. Kd4 Rb7 42. Rh8 Rb2 43. Rxh7+ Kf6 44. a3 Rd2+ 45. Kc3 Ra2 46. Kb4
Rb2+ 47. Kc3 Rb3+ 48. Kc2 Rxa3 49. Rh8 Rb3 50. Rf8+ Kg7 51. Rc8 Rb7 52. Kc3 Ra7
53. Kb2 Ra8 54. Rc7 Rb8+ 55. Ka3 Kf6 56. Rxc6 dxc6 0-1

[Event "Frankfurt Ch 2008"]
[Site "Ffm-Kalbach, LAZ"]
[Date "2008.06.09"]
[Round "6.9"]
[White "Minor, Samuel"]
[Black "Escher, Helmut"]
[Result "1-0"]
[WhiteElo "2179"]
[BlackElo "2078"]
[PlyCount "75"]
[EventDate "2008.??.??"]

1. e4 d5 2. exd5 Qxd5 3. Nc3 Qa5 4. d4 c6 5. Bc4 Nf6 6. Bd2 Qc7 7. Nf3 Bg4 8.
h3 Bxf3 9. Qxf3 e6 10. O-O-O Nbd7 11. g4 Nb6 12. Bb3 O-O-O 13. g5 Nfd5 14. Ne4
Qd7 15. c4 Nc7 16. Bf4 Be7 17. Be5 Ne8 18. Qxf7 Rf8 19. Qh5 Nd6 20. Nc5 Qe8 21.
Qxe8 Rdxe8 22. Nxe6 Ndxc4 23. Nxf8 Rxf8 24. f4 Nxe5 25. fxe5 Bxg5+ 26. Kb1 Kd7
27. Rhf1 Bf4 28. Kc2 g5 29. Kd3 Nd5 30. Rde1 Re8 31. Bxd5 cxd5 32. h4 h6 33.
hxg5 hxg5 34. Rh1 Re6 35. Rh7+ Kc6 36. Rg1 a6 37. Rg2 Rg6 38. Rf7 1-0

[Event "Frankfurt Ch 2008"]
[Site "Ffm-Kalbach, LAZ"]
[Date "2008.06.09"]
[Round "6.10"]
[White "Gutacker, Stephan"]
[Black "Reschke, Stefan"]
[Result "0-1"]
[WhiteElo "1985"]
[BlackElo "2360"]
[PlyCount "62"]
[EventDate "2008.??.??"]

1. e4 c6 2. d4 g6 3. c3 d5 4. e5 h5 5. Bd3 Nh6 6. Bxh6 Bxh6 7. Nd2 Qb6 8. Qb3
Be6 9. Ne2 Nd7 10. f4 Bg4 11. Rf1 e6 12. h3 Bf5 13. Bxf5 gxf5 14. Nf3 Qa6 15.
Qc2 Rg8 16. Rg1 O-O-O 17. g3 c5 18. a3 Kb8 19. Kf2 Rc8 20. Qd2 f6 21. Qe3 cxd4
22. Nexd4 fxe5 23. Nxe5 Nc5 24. a4 Ka8 25. Nb5 Bf8 26. b4 Ne4+ 27. Kf3 Bg7 28.
g4 Bxe5 29. fxe5 fxg4+ 30. hxg4 hxg4+ 31. Ke2 Rxc3 0-1

[Event "Frankfurt Ch 2008"]
[Site "Ffm-Kalbach, LAZ"]
[Date "2008.06.09"]
[Round "6.13"]
[White "Svitek, Volker"]
[Black "Göbel, Andreas"]
[Result "1/2-1/2"]
[WhiteElo "2104"]
[BlackElo "2052"]
[PlyCount "76"]
[EventDate "2008.??.??"]

1. b4 Nf6 2. Bb2 e6 3. b5 d5 4. e3 b6 5. c4 dxc4 6. Bxc4 Bb7 7. Nf3 c5 8. O-O
Be7 9. d4 Nbd7 10. Nbd2 O-O 11. Qb3 cxd4 12. exd4 Bd5 13. Rac1 Qb8 14. Rfe1 Qb7
15. a4 Rac8 16. Ba3 Bxa3 17. Qxa3 Rc7 18. Bxd5 Nxd5 19. Rxc7 Qxc7 20. Rc1 Qb7
21. Nc4 Rc8 22. Nce5 Nxe5 23. Nxe5 Rxc1+ 24. Qxc1 f6 25. Nc6 Qc7 26. g3 Kf7 27.
Qc2 g6 28. h4 Kg7 29. Qe4 Kf7 30. h5 a5 31. Kg2 Qd6 32. Kh2 Kg7 33. hxg6 hxg6
34. Qe2 Nc3 35. Qc4 Nd5 36. Qc1 Qc7 37. Qa3 Kf7 38. Qc1 Kg7 1/2-1/2

[Event "Frankfurt Ch 2008"]
[Site "Ffm-Kalbach, LAZ"]
[Date "2008.06.09"]
[Round "6.14"]
[White "Von Auer, Ulrich"]
[Black "Koch, Markus"]
[Result "1-0"]
[WhiteElo "2101"]
[BlackElo "1935"]
[PlyCount "71"]
[EventDate "2008.??.??"]

1. d4 g6 2. c4 Nf6 3. Nc3 c5 4. d5 Bg7 5. e4 d6 6. Nf3 e6 7. h3 O-O 8. Bd3 exd5
9. cxd5 b5 10. Bxb5 Nxe4 11. Nxe4 Qa5+ 12. Nfd2 Qxb5 13. Nxd6 Qa6 14. N2c4 Rd8
15. Qe2 Rxd6 16. Qe8+ Bf8 17. Nxd6 Qxd6 18. Qxc8 Qxd5 19. O-O Nd7 20. Qa6 Re8
21. Be3 Ne5 22. Qa4 Rb8 23. Rfd1 Qa8 24. Qc2 Rb4 25. Qe2 Qb8 26. b3 Nc6 27.
Rac1 Qe8 28. Qa6 Rb6 29. Qd3 Qe5 30. Qd5 Qb2 31. Bxc5 Bxc5 32. Rxc5 Nb4 33.
Qd8+ Kg7 34. Rc8 Kh6 35. Qd2+ Qxd2 36. Rxd2 1-0

[Event "Frankfurt Ch 2008"]
[Site "Ffm-Kalbach, LAZ"]
[Date "2008.06.09"]
[Round "6.15"]
[White "Mustafa, Wail"]
[Black "Ganjian, Mehrdad"]
[Result "1-0"]
[WhiteElo "2104"]
[BlackElo "1803"]
[PlyCount "75"]
[EventDate "2008.??.??"]

1. d4 g6 2. e4 Bg7 3. Nc3 d6 4. Nf3 Nd7 5. Be3 Ngf6 6. h3 O-O 7. Qd2 c6 8. Be2
b5 9. a3 a5 10. O-O Bb7 11. e5 b4 12. exf6 bxc3 13. fxe7 cxd2 14. exd8=Q Rfxd8
15. Nxd2 Nf8 16. c3 Ne6 17. Rfe1 f5 18. f3 g5 19. Bd3 f4 20. Bf2 Nf8 21. Re7
Rd7 22. Rxd7 Nxd7 23. Ne4 d5 24. Nxg5 Bf6 25. Ne6 Nb6 26. Nc5 Rb8 27. Re1 Kf7
28. b4 a4 29. Ne6 Rg8 30. Nxf4 Bc8 31. g4 Bg5 32. Bg3 h5 33. Nxh5 Bd2 34. Re2
Bxc3 35. Bf2 Re8 36. Rc2 Ba1 37. Rxc6 Nc4 38. Bg6+ 1-0

[Event "Frankfurt Ch 2008"]
[Site "Ffm-Kalbach, LAZ"]
[Date "2008.06.09"]
[Round "6.16"]
[White "Sadeghi, Behrang"]
[Black "Balló, Harald"]
[Result "1-0"]
[WhiteElo "2283"]
[BlackElo "1981"]
[PlyCount "73"]
[EventDate "2008.??.??"]

1. e4 d5 2. exd5 Qxd5 3. Nc3 Qd6 4. d4 Nf6 5. Nge2 c6 6. Bf4 Qd8 7. Qd2 Bf5 8.
f3 e6 9. a3 a5 10. Ng3 Bg6 11. Nge4 Be7 12. Be2 O-O 13. h4 Nxe4 14. fxe4 Bxh4+
15. g3 Be7 16. Bh5 Nd7 17. Bxg6 fxg6 18. Qh2 Nf6 19. Be5 h6 20. Qh3 Qd7 21. Na4
Ra6 22. Bxf6 Rxf6 23. O-O-O b5 24. Nc5 Bxc5 25. dxc5 Qe7 26. Rd6 e5 27. Qc8+
Kh7 28. Rxf6 Qxf6 29. Qxa6 Qg5+ 30. Kb1 Qxg3 31. Qxc6 Qf3 32. Rg1 g5 33. Qxb5
Qe3 34. Rd1 g4 35. c6 g3 36. Qxe5 Qf3 37. Qf5+ 1-0

[Event "Frankfurt Ch 2008"]
[Site "Ffm-Kalbach, LAZ"]
[Date "2008.06.09"]
[Round "6.17"]
[White "Krüger, Till"]
[Black "Diaz, Joaquin"]
[Result "1/2-1/2"]
[WhiteElo "2069"]
[BlackElo "2163"]
[PlyCount "68"]
[EventDate "2008.??.??"]

1. e4 Nf6 2. e5 Nd5 3. Nc3 Nxc3 4. dxc3 d5 5. Nf3 Bg4 6. Be3 e6 7. h3 Bh5 8. g4
Bg6 9. Bd3 Nd7 10. Bxg6 hxg6 11. Qd3 c6 12. O-O-O Qc7 13. Qd4 Bc5 14. Qf4 O-O-O
15. Bxc5 Nxc5 16. Qd4 Qa5 17. a3 Ne4 18. Nd2 c5 19. Qe3 Nxd2 20. Rxd2 Kb8 21.
Qf4 Rhf8 22. h4 Rc8 23. Kb1 Rc6 24. Ka2 Rb6 25. c4 dxc4 26. c3 Qa4 27. Rhd1 a6
28. Qe3 Rc8 29. Qe2 Rbc6 30. Rd7 R6c7 31. Rxc7 Rxc7 32. Rd8+ Ka7 33. Qd2 Qc6
34. Qd6 Kb6 1/2-1/2

[Event "Frankfurt Ch 2008"]
[Site "Ffm-Kalbach, LAZ"]
[Date "2008.06.09"]
[Round "6.18"]
[White "Fernandez-Egea, Andr"]
[Black "Stadtmueller, Harald"]
[Result "0-1"]
[WhiteElo "2051"]
[BlackElo "2192"]
[PlyCount "60"]
[EventDate "2008.??.??"]

1. e4 d6 2. d4 Nf6 3. Nc3 c6 4. h3 e5 5. Bc4 Nbd7 6. Be3 Be7 7. Nge2 b5 8. Bd3
b4 9. Na4 O-O 10. f4 Qa5 11. b3 Ba6 12. g4 c5 13. Bxa6 Qxa6 14. dxe5 Nxe4 15.
Qd5 Bh4+ 16. Kd1 Nf2+ 17. Bxf2 Bxf2 18. Qxd6 Nb6 19. Nxc5 Qa3 20. Nd3 Rfd8 21.
Nxf2 Rxd6+ 22. exd6 Rd8 23. Ne4 Qa5 24. N2g3 Nd5 25. Re1 Nxf4 26. Nf5 Nd5 27.
Ke2 g6 28. Ne7+ Kg7 29. Kf3 Nxe7 30. dxe7 Re8 0-1

[Event "Frankfurt Ch 2008"]
[Site "Ffm-Kalbach, LAZ"]
[Date "2008.06.09"]
[Round "6.19"]
[White "Cors, Heinz-Friedrich"]
[Black "Kreiling, Carsten"]
[Result "0-1"]
[WhiteElo "2016"]
[BlackElo "2126"]
[PlyCount "114"]
[EventDate "2008.??.??"]

1. e4 c5 2. Nf3 d6 3. d4 cxd4 4. Nxd4 Nf6 5. Nc3 g6 6. Be3 Bg7 7. f3 Nc6 8. Qd2
O-O 9. g4 Nxd4 10. Bxd4 Be6 11. O-O-O Qa5 12. a3 Rab8 13. h4 b5 14. Nd5 Qxd2+
15. Rxd2 Bxd5 16. exd5 Rb7 17. Bh3 Nd7 18. Bxg7 Kxg7 19. g5 f6 20. Re2 Nb6 21.
Be6 fxg5 22. hxg5 Rxf3 23. Reh2 h5 24. gxh6+ Kh7 25. Rg2 Rf6 26. b3 Nd7 27. Rg3
Rc7 28. Kb2 Ne5 29. Rhh3 Rf2 30. Rc3 Rxc3 31. Kxc3 a5 32. Rh1 Rf4 33. b4 Rf3+
34. Kd4 Rf4+ 35. Ke3 Rf3+ 36. Kd4 Rxa3 37. bxa5 Rxa5 38. Kc3 Ra4 39. Kb3 Rc4
40. Ra1 Kxh6 41. Ra7 Nf3 42. c3 Nd2+ 43. Kb2 Ne4 44. Rxe7 Nxc3 45. Rd7 Na4+ 46.
Kb1 Nc5 47. Rxd6 Nxe6 48. dxe6 Re4 49. Kc2 Kg7 50. Kd3 Re1 51. Rb6 g5 52. Rxb5
Kf6 53. Kd2 Rxe6 54. Rb8 Kf5 55. Kd3 Kf4 56. Rf8+ Kg3 57. Rg8 g4 0-1

[Event "Frankfurt Ch 2008"]
[Site "Ffm-Kalbach, LAZ"]
[Date "2008.06.09"]
[Round "6.20"]
[White "Rasche, Hannes"]
[Black "Weiss, Matthias"]
[Result "1/2-1/2"]
[WhiteElo "2020"]
[BlackElo "2046"]
[PlyCount "61"]
[EventDate "2008.??.??"]

1. d4 Nf6 2. c4 c5 3. d5 b5 4. cxb5 a6 5. bxa6 Bxa6 6. Nc3 g6 7. g3 Bg7 8. Bg2
d6 9. Nf3 O-O 10. O-O Nbd7 11. h3 Qb6 12. Qc2 Rfb8 13. Nd2 Ne8 14. Re1 Nc7 15.
a4 Qa5 16. Ra3 c4 17. h4 Nf6 18. Bf3 Nd7 19. h5 Ne5 20. Bg2 Bb7 21. hxg6 hxg6
22. Qe4 Qc5 23. Nf1 e6 24. Qh4 Nxd5 25. Ne4 Qb4 26. Rd1 Bc6 27. f4 Nd7 28. Ng5
N7f6 29. e4 Qc5+ 30. Kh2 Ne7 31. Be3 1/2-1/2

[Event "Frankfurt Ch 2008"]
[Site "Ffm-Kalbach, LAZ"]
[Date "2008.06.09"]
[Round "6.21"]
[White "Kabir, Razaul"]
[Black "Fischer, Arthur"]
[Result "1-0"]
[WhiteElo "2100"]
[BlackElo "2013"]
[PlyCount "56"]
[EventDate "2008.??.??"]

1. e4 e6 2. d4 d5 3. Nc3 Bb4 4. e5 c5 5. a3 Bxc3+ 6. bxc3 Ne7 7. Qg4 Qc7 8. Bd3
cxd4 9. Ne2 Nbc6 10. cxd4 Bd7 11. Bd2 O-O-O 12. Bb4 Nxb4 13. axb4 Kb8 14. O-O
f6 15. Qxg7 Ng6 16. exf6 Rhg8 17. Qh6 e5 18. dxe5 Nxe5 19. Ng3 Ng4 20. Qh4 Rdf8
21. Ra5 Rxf6 22. Rxd5 Rgf8 23. Ne4 Rf4 24. Qg3 Bc6 25. Rc5 Qb6 26. h3 Bxe4 27.
hxg4 Bxd3 28. cxd3 Ka8 1-0

[Event "Frankfurt Ch 2008"]
[Site "Ffm-Kalbach, LAZ"]
[Date "2008.06.09"]
[Round "6.22"]
[White "Schreyer, Alois"]
[Black "Syed, Tareq"]
[Result "0-1"]
[WhiteElo "2113"]
[BlackElo "2124"]
[PlyCount "82"]
[EventDate "2008.??.??"]

1. e4 g6 2. d4 c6 3. Nf3 Bg7 4. Nc3 Nh6 5. Bc4 f6 6. O-O d6 7. Re1 e6 8. e5
fxe5 9. Bb3 Nf7 10. dxe5 d5 11. Bf4 O-O 12. Qd2 b6 13. Rad1 Bb7 14. Bg5 Nxg5
15. Qxg5 Na6 16. Ne4 Qxg5 17. Nexg5 Rae8 18. Nd4 Nc7 19. c3 Re7 20. Bc2 Bh6 21.
Ngf3 c5 22. Nb3 Ne8 23. Nbd2 Ref7 24. c4 Bxd2 25. Rxd2 dxc4 26. Be4 Ng7 27.
Bxb7 Rxb7 28. Rd6 Rbf7 29. Red1 h6 30. Rc6 g5 31. h3 h5 32. Rd2 Rf5 33. Rc7 g4
34. hxg4 hxg4 35. Nh4 Rxe5 36. Rdd7 Re1+ 37. Kh2 Nh5 38. Rh7 g3+ 39. fxg3 Rff1
40. Kh3 Rh1+ 41. Kg4 Nf6+ 0-1

[Event "Frankfurt Ch 2008"]
[Site "Ffm-Kalbach, LAZ"]
[Date "2008.06.09"]
[Round "6.23"]
[White "Geringer, Waldemar"]
[Black "Henzner, Reiner"]
[Result "0-1"]
[WhiteElo "1886"]
[BlackElo "2094"]
[PlyCount "107"]
[EventDate "2008.??.??"]

1. d4 Nf6 2. c4 g6 3. Nc3 d5 4. cxd5 Nxd5 5. e4 Nxc3 6. bxc3 Bg7 7. Nf3 O-O 8.
Bc4 c5 9. Be3 cxd4 10. cxd4 Bg4 11. e5 b5 12. Be2 Nc6 13. O-O a6 14. h3 Be6 15.
a4 b4 16. Rc1 Na5 17. Ng5 Bd5 18. Bf3 Nc4 19. Bxd5 Qxd5 20. Qb3 Nxe3 21. Qxe3
Bh6 22. f4 Bxg5 23. fxg5 Rfd8 24. Rf4 Rac8 25. Rcf1 b3 26. Rxf7 b2 27. R7f2 Rb8
28. Rb1 Qa2 29. Qd3 Rxd4 30. Qc2 Rdb4 31. Kh2 Qe6 32. Qc3 Qa2 33. Qc2 a5 34. g3
Qd5 35. Qc3 Qe4 36. Rbxb2 Rxb2 37. Rxb2 Rxb2+ 38. Qxb2 Qxa4 39. e6 Qb4 40. Qf2
Qb8 41. Qf7+ Kh8 42. h4 Qd8 43. Kh3 a4 44. h5 gxh5 45. Kh4 a3 46. Kxh5 a2 47.
Qf1 Qa8 48. Qa1+ Kg8 49. Kh6 Qf8+ 50. Kh5 Qe8+ 51. Kh4 Qa4+ 52. g4 Qc2 53. g6
hxg6 54. Qd4 0-1

[Event "Frankfurt Ch 2008"]
[Site "Ffm-Kalbach, LAZ"]
[Date "2008.06.09"]
[Round "6.25"]
[White "Kolker, Vladislav"]
[Black "Enders, Georg"]
[Result "1-0"]
[WhiteElo "2091"]
[BlackElo "2042"]
[PlyCount "71"]
[EventDate "2008.??.??"]

1. e4 e5 2. Nf3 Nc6 3. d4 exd4 4. Bc4 Nf6 5. e5 d5 6. Bb5 Ne4 7. Nxd4 Bd7 8.
Bxc6 bxc6 9. O-O Bc5 10. f3 Ng5 11. f4 Ne4 12. Be3 O-O 13. Nd2 Nxd2 14. Qxd2
Qe7 15. Nb3 Bb6 16. Qc3 f6 17. Bc5 fxe5 18. fxe5 Rfe8 19. Rae1 Rac8 20. a4 Qg5
21. a5 Bxc5+ 22. Nxc5 Bf5 23. e6 Qg6 24. Qe5 Bxc2 25. Rf7 d4 26. Qxd4 Rcd8 27.
Rd7 Rxd7 28. Qxd7 Bf5 29. Qxc6 Re7 30. Qa8+ Qe8 31. Qxa7 Bxe6 32. Nxe6 Rxe6 33.
Rxe6 Qxe6 34. Qb8+ Kf7 35. Qxc7+ Kg6 36. Qb6 1-0

[Event "Frankfurt Ch 2008"]
[Site "Ffm-Kalbach, LAZ"]
[Date "2008.06.09"]
[Round "6.26"]
[White "Bauer, Timo"]
[Black "Czech, Ludwig"]
[Result "0-1"]
[WhiteElo "1730"]
[BlackElo "2075"]
[PlyCount "72"]
[EventDate "2008.??.??"]

1. e4 e6 2. Nf3 d5 3. e5 c5 4. Bb5+ Bd7 5. Qe2 Nc6 6. O-O Nge7 7. Nc3 a6 8.
Bxc6 Nxc6 9. d3 Be7 10. Bf4 O-O 11. Rfe1 b5 12. Qd2 Rc8 13. Bg5 b4 14. Bxe7
bxc3 15. bxc3 Nxe7 16. Ng5 h6 17. Nh3 Qa5 18. Qf4 Qxc3 19. Rac1 Qb4 20. c4 Ng6
21. Qe3 d4 22. Qg3 Bc6 23. Rb1 Qd2 24. Red1 Qa5 25. f4 Ne7 26. Nf2 Nf5 27. Qh3
Ne3 28. Ng4 Qxa2 29. Nxe3 dxe3 30. Qg3 Rb8 31. Ra1 Qe2 32. Re1 Qxd3 33. Rxa6
Rfc8 34. f5 Qxf5 35. Qxe3 Rb2 36. Rxc6 Rxc6 0-1

[Event "Frankfurt Ch 2008"]
[Site "Ffm-Kalbach, LAZ"]
[Date "2008.06.09"]
[Round "6.27"]
[White "Schreiner, Roland"]
[Black "Larem, Peter"]
[Result "1-0"]
[WhiteElo "1956"]
[BlackElo "1942"]
[PlyCount "69"]
[EventDate "2008.??.??"]

1. d4 Nf6 2. c4 c5 3. d5 b5 4. cxb5 a6 5. bxa6 Bxa6 6. Nc3 d6 7. e4 Bxf1 8.
Kxf1 g6 9. Nf3 Bg7 10. g3 O-O 11. Kg2 Nbd7 12. Qc2 Ra6 13. Bf4 Qa8 14. Rhe1 Rb8
15. Rad1 Ng4 16. Re2 Rab6 17. Bc1 Nge5 18. Nd2 c4 19. f4 Ng4 20. h3 Ngf6 21.
Nxc4 Rb4 22. b3 Nc5 23. Be3 Nfd7 24. Bd4 Bxd4 25. Rxd4 Qa7 26. Rd1 Qa6 27. e5
dxe5 28. fxe5 Nxb3 29. axb3 Rxb3 30. Ne4 R8b4 31. Rc1 Qb7 32. Na5 Qxd5 33. Nxb3
Rxb3 34. Rd1 Qb7 35. Rxd7 1-0

[Event "Frankfurt Ch 2008"]
[Site "Ffm-Kalbach, LAZ"]
[Date "2008.06.09"]
[Round "6.28"]
[White "Biegel, Thomas"]
[Black "Liebske, Reiner"]
[Result "1-0"]
[WhiteElo "2030"]
[BlackElo "1702"]
[PlyCount "83"]
[EventDate "2008.??.??"]

1. d4 Nf6 2. c4 e6 3. g3 d5 4. Bg2 c5 5. Nf3 Nc6 6. O-O cxd4 7. Nxd4 Bc5 8.
Nxc6 bxc6 9. Qc2 Qb6 10. Nc3 Bxf2+ 11. Rxf2 Ng4 12. e3 Nxf2 13. Qxf2 O-O 14. e4
Qxf2+ 15. Kxf2 d4 16. Na4 e5 17. Nc5 Rd8 18. Bd2 a5 19. b3 Ra7 20. Rf1 Rd6 21.
Ke1 Rg6 22. Nd3 f6 23. Nc5 Kf8 24. Bf3 Bg4 25. Bxg4 Rxg4 26. Rg1 Ke7 27. h3 Rg6
28. g4 h5 29. Kf2 Kd6 30. Na4 Ra8 31. c5+ Ke6 32. Nb6 Rh8 33. Kg3 hxg4 34. hxg4
Rh5 35. Rf1 Ke7 36. Nc4 a4 37. bxa4 Rh8 38. Rb1 Rh5 39. Rb7+ Ke6 40. Nd6 Rh8
41. Nf5 Re8 42. a5 1-0

[Event "Frankfurt Ch 2008"]
[Site "Ffm-Kalbach, LAZ"]
[Date "2008.06.09"]
[Round "6.29"]
[White "Winter, Olaf"]
[Black "Hierling, Stefan"]
[Result "0-1"]
[WhiteElo "1616"]
[BlackElo "2032"]
[PlyCount "31"]
[EventDate "2008.??.??"]

1. c4 e5 2. Nc3 Nf6 3. g3 Nc6 4. Bg2 d6 5. e3 Be6 6. d3 Be7 7. Nge2 O-O 8. a3
d5 9. cxd5 Nxd5 10. O-O Qd7 11. Qc2 Nxc3 12. Qxc3 Bf6 13. Bxc6 bxc6 14. Kh1
Rfd8 15. Rd1 Bg4 16. Qd2 0-1

[Event "Frankfurt Ch 2008"]
[Site "Ffm-Kalbach, LAZ"]
[Date "2008.06.09"]
[Round "6.30"]
[White "Orwatsch, Gerhard"]
[Black "Sarközy, Benjamin"]
[Result "1/2-1/2"]
[WhiteElo "2088"]
[BlackElo "1787"]
[PlyCount "46"]
[EventDate "2008.??.??"]

1. d4 Nf6 2. Nf3 e6 3. Nbd2 c5 4. e3 Be7 5. Bd3 cxd4 6. exd4 O-O 7. O-O b6 8.
Re1 Bb7 9. c3 d6 10. a4 a6 11. Qe2 Re8 12. Nf1 Qc7 13. Bg5 Nbd7 14. Ng3 Bf8 15.
Ne4 Nd5 16. Bd2 e5 17. dxe5 Nxe5 18. Nxe5 dxe5 19. Qg4 Qc6 20. Qh3 g6 21. Ng5
h6 22. Nf3 Nf4 23. Bxf4 exf4 1/2-1/2

[Event "Frankfurt Ch 2008"]
[Site "Ffm-Kalbach, LAZ"]
[Date "2008.06.09"]
[Round "6.31"]
[White "Matthis, Peter"]
[Black "Noblé, Alexander"]
[Result "0-1"]
[WhiteElo "1775"]
[BlackElo "2077"]
[PlyCount "63"]
[EventDate "2008.??.??"]

1. e4 e6 2. d4 d5 3. Nc3 Nf6 4. Bg5 Bb4 5. a3 Bxc3+ 6. bxc3 dxe4 7. Bc4 h6 8.
Bh4 b6 9. Qd2 Bb7 10. Ne2 Nbd7 11. O-O g5 12. Bg3 Nd5 13. f3 exf3 14. Rxf3 N5f6
15. Rff1 Ne4 16. Qd3 Nxg3 17. Nxg3 Qe7 18. Ne4 O-O-O 19. Ba6 Kb8 20. Bxb7 Kxb7
21. Qf3 Kb8 22. Qxf7 Rh7 23. Qg6 Nf8 24. Qh5 Nd7 25. c4 e5 26. Rae1 exd4 27.
Qg6 Ne5 28. Qh5 Nxc4 29. Qf3 Ne5 30. Qg3 Rf7 31. Rxf7 Nxf7 32. Nf2 0-1

[Event "Frankfurt Ch 2008"]
[Site "Ffm-Kalbach, LAZ"]
[Date "2008.06.09"]
[Round "6.32"]
[White "Czikuß, Hans-Joachim"]
[Black "Nagel, Norbert"]
[Result "1-0"]
[WhiteElo "1951"]
[BlackElo "1708"]
[PlyCount "65"]
[EventDate "2008.??.??"]

1. Nf3 Nf6 2. c4 c5 3. g3 g6 4. Bg2 Bg7 5. O-O O-O 6. d4 cxd4 7. Nxd4 Nc6 8.
Nc3 a6 9. h3 Qc7 10. Be3 Nxd4 11. Qxd4 d6 12. b3 Ng4 13. Qd2 Nxe3 14. Qxe3 Bxc3
15. Qxc3 Bd7 16. Rac1 Bc6 17. Qd3 Bxg2 18. Kxg2 Qc6+ 19. Qd5 Rac8 20. Rfd1 Rfd8
21. e4 Qxd5 22. cxd5 f5 23. exf5 gxf5 24. Kf3 Kf7 25. Kf4 Kf6 26. Re1 Rxc1 27.
Rxc1 e5+ 28. dxe6 Kxe6 29. Rc7 d5 30. Ke3 h5 31. Rxb7 h4 32. Rb6+ Ke5 33. f4#
1-0